000 00391nam a2200145Ia 4500
008 221030s9999 xx 000 0 und d
041 _aEnglish
082 _a105.23
_bSah
100 _aS. K. Sahdev
245 0 _aText Book of Electrical Engineering for Electronics Engineers
_cby S. K. Sahdev
260 _bIndian Pub.
_aJalandhar
_c1998
300 _a360
650 _aECE & EE
942 _cBK
999 _c8394
_d8394